Dans quelle pièce de Shakespeare apparait ce personnage historique ? - Statistiques

Statistiques générales
  • Ce quiz a été pris 16 fois
  • Le résultat moyen est 6 sur 83
Statistiques - réponses
Hint Explanation Réponse % Correct
Cicéron Sénateur Jules César
62%
Marcus Brutus Ami de Jules César Jules César
31%
Duncan Roi d'Ecosse Macbeth
31%
Octave Membre du triumvirat Jules César & Antoine et Cléopâtre
23%
Louis de France Prince français Le Roi Jean
23%
Siward Général Macbeth
23%
Macbeth Général Macbeth
23%
Malcolm Prince écossais Macbeth
23%
Edouard III Roi d'Angleterre Edouard III
15%
Édouard, le Prince noir Prince d'Angleterre Edouard III
15%
Cassius Conspirateur Jules César
15%
Antoine Général Jules César & Antoine et Cléopâtre
15%
Lépide Membre du triumvirat Jules César & Antoine et Cléopâtre
15%
Éléonore Mère du roi Le Roi Jean
15%
Jean d'Angleterre Roi d'Angleterre Le Roi Jean
15%
Lord Berkeley Noble anglais Richard II
15%
Richard II Roi d'Angleterre Richard II
15%
Agrippa Conseiller Antoine et Cléopâtre
8%
Domitius Enobarbus Partisan d'Antoine Antoine et Cléopâtre
8%
Octavie la jeune Soeur d'Octave Antoine et Cléopâtre
8%
Mécène Ami d'Octave Antoine et Cléopâtre
8%
Sextus Pompée Fils de Pompée Antoine et Cléopâtre
8%
Prince Philippe de France Dauphin de France Edouard III
8%
Archevêque d'York Prélat anglais Henri IV & Richard III
8%
Jeune Caton Ami de Marcus Brutus Jules César
8%
Volumnius Ami de Marcus Brutus Jules César
8%
Messala Ami de Marcus Brutus Jules César
8%
Cinna Conspirateur Jules César
8%
Hubert Angevin Le Roi Jean
8%
Lord Bigot Noble anglais Le Roi Jean
8%
Comte d'Essex Noble anglais Le Roi Jean
8%
Arthur Neveu du roi Le Roi Jean
8%
Philippe de France Roi de France Le Roi Jean
8%
Comte de Pembroke Noble anglais Le Roi Jean
8%
Philippe Faulconbridge Bâtard royal Le Roi Jean
8%
Lady Constance Mère d'Arthur Le Roi Jean
8%
Duc d'Aumerle Noble anglais Richard II
8%
Henry Greene Favori du roi Richard II
8%
Thomas Mowbray, duc de Norfolk Noble anglais Richard II
8%
Jean de Gand Oncle du roi Richard II
8%
Richard d'York Prince anglais Richard III
8%
Dolabella Ami d'Octave Antoine et Cléopâtre
0%
Duc de Lorraine Noble français Edouard III
0%
Jean II de France Roi de France Edouard III
0%
Comtesse de Salisbury Noble anglaise Edouard III
0%
Robert d'Artois Noble français Edouard III
0%
Sir William Montague Noble anglais Edouard III
0%
Roi de Bohême Edouard III
0%
Lord Percy Noble anglais Edouard III
0%
Philippa Reine d'Angleterre Edouard III
0%
Lord Montfort Noble breton Edouard III
0%
Lord Audley Noble anglais Edouard III
0%
Comte de Derby Noble anglais Edouard III
0%
Comte de Warwick Noble anglais Edouard III
0%
Richard, duc d'York Noble anglais Henri VI
0%
Maire d'York Henri VI
0%
Edouard, prince d'York Prince anglais Henri VI
0%
Duc de Buckingham Noble anglais Henri VI & Henri VIII
0%
Marullus Tribun Jules César
0%
Decius Brutus Conspirateur Jules César
0%
Flavius Tribun Jules César
0%
Casca Conspirateur Jules César
0%
Metellus Cimber Conspirateur Jules César
0%
Ligarius Conspirateur Jules César
0%
Trébonius Conspirateur Jules César
0%
Prince Henri Prince anglais Le Roi Jean
0%
Pandolphe Légat du pape Le Roi Jean
0%
Châtillon Ambassadeur de France Le Roi Jean
0%
Blanche Nièce du roi Le Roi Jean
0%
Comte de Salisbury Noble anglais Le Roi Jean - Edouard III & Richard II
0%
Donalbain Fils de Duncan Macbeth
0%
Duc de Surrey Noble anglais Richard II
0%
Lord Willoughby Noble anglais Richard II
0%
Evêque de Carlisle Prélat anglais Richard II
0%
Comte de Northumberland Noble anglais Richard II
0%
Duchesse de Gloucester Noble anglaise Richard II
0%
Henri Bolingbroke Rebelle Richard II
0%
Lord Ross Noble anglais Richard II
0%
Lord Fitzwater Noble anglais Richard II
0%
Bushy Favori du roi Richard II
0%
Bagot Favori du roi Richard II
0%
Duc d'York Noble anglais Richard II & Henri V
0%
Duchesse d'York Noble anglaise Richard II - Henri VI & Richard III
0%
Aucun quiz correspondant
Distribution des résultats
% des personnes avec chaque résultat
Percentile par nombre de réponses
Votre historique - résultats
Vous n’avez pas pris ce quiz